000 00270nam a22001097a 4500
008 170125b xxu||||| |||| 00| 0 eng d
020 _a9780815187745
041 _aeng
080 _a618.2
245 _aHEALTH ASSESSMENT FOR NURSING PRACTICE
_cTHOMPSON, J
942 _2udc
_cBK
999 _c3590
_d3590